00382nam a2200145Ia 450000100060000000800410000602000180004704000130006508200150007810000250009324500580011826000420017630000110021854600070022972139160401s9999 xx 000 0 und d a9780300135855 cPK-LaUMT a 712bREC- aBerrizbeditia, Anita aReconstructing urban landscapescBerrizbeditia, Anita aNew York,USA:bYale University,c2009 a320 p. aEN